Obálka Náhled e-knihy:
Epub
Pro půjčování e-knih musíte být přihlášeni.
Jak si půjčit online?

Zvěrolékařka. Velké naděje /

Další osudy dvou odvážných žen, které se na počátku 20. století snaží prosadit jako zvěrolékařky a hledají nový domov na Novém Zélandu. Schyluje se ale ke druhé světové válce, která jejich plány značně otřese.

Uloženo v:
Série:Zvěrolékařka, část 2
Hlavní autor: Lark, Sarah, 1958- (Autor)
Další autoři: Soukupová, Zuzana, 1949- (Autor)
Médium: E-kniha
Jazyk:Czech
Vydáno: Praha : Ikar, 2023
Vydání:Vydání první
Témata:
On-line přístup:Plný text - pro registrované uživatele NK ČR
Příbuzné jednotky:Přeloženo z: Tierärztin
Z cyklu:: Zvěrolékařka
Tagy:
Žádné tagy
LEADER 02753nam a2200469 i 4500
001 311898
003 CZ PrSKC
005 20260601215713.0
007 ta
008 230412s2023 xr g 000 f cze
015 |a cnb003472462 
020 |a 9788024950044  |q (vázáno) 
035 |a (OCoLC)1381703576 
040 |a ABG001  |b cze  |d ABA001  |e rda 
041 1 |a cze  |h ger 
072 7 |a 821.112.2-3  |x Německá próza, německy psaná  |2 Konspekt 
080 |a 821.112.2-31  |2 MRF 
080 |a (0:82-31)  |2 MRF 
100 1 |a Lark, Sarah,  |d 1958-  |7 xx0124412  |4 aut 
240 1 0 |a Voller Hoffnung.  |l Česky 
245 1 0 |a Zvěrolékařka.  |p Velké naděje /  |c Sarah Larková ; z německého originálu Die Tierärztin ... přeložila Zuzana Soukupová 
246 3 0 |a Velké naděje 
250 |a Vydání první 
264 1 |a Praha :  |b Ikar,  |c 2023 
300 |a 518 stran ;  |c 24 cm 
336 |a text  |b txt  |2 rdacontent 
337 |a bez média  |b n  |2 rdamedia 
338 |a svazek  |b nc  |2 rdacarrier 
500 |a Název originálu části uveden na rubu titulní stránky: Voller Hoffnung 
520 2 |a Další osudy dvou odvážných žen, které se na počátku 20. století snaží prosadit jako zvěrolékařky a hledají nový domov na Novém Zélandu. Schyluje se ale ke druhé světové válce, která jejich plány značně otřese.  |b Po útěku z Německa na Nový Zéland se Nellie a Maria se svými rodinami konečně dostávají do bezpečí. Obě zvěrolékařky si na hřebčinci Gerstorfových otevřou ordinaci. Počáteční štěstí však netrvá dlouho. Důsledky světové hospodářské krize dolehnou až sem a dvě rodiny se už nemohou uživit provozem ordinace. Situace obě přítelkyně donutí vydat se rozdílnými cestami. A pak do jejich osudů zasáhne druhá světová válka... Nakladatelská anotace. 
655 7 |a německé romány  |7 fd132945  |2 czenas 
655 9 |a German fiction  |2 eczenas 
700 1 |a Soukupová, Zuzana,  |d 1949-  |7 jk01120576  |4 trl 
765 0 |t Tierärztin 
787 0 8 |i Z cyklu:  |t Zvěrolékařka  |g 2 
856 4 1 |u https://www.bookport.cz/AccountSaml/SignIn/?idp=https%3A%2F%2Fshibboleth.nkp.cz%2Fidp%2Fshibboleth&returnUrl=/kniha/zverolekarka-2-velke-nadeje-13289/  |y Plný text - pro registrované uživatele NK ČR  |4 N 
900 |a ABA001  |b 21 
928 9 |a Euromedia Group - Ikar 
044 |a xr 
910 |a RBIT002 
998 |d 373311  |a https://core.palmknihy.cz/api/books/373311/cover?rsn2to  |b https://core.palmknihy.cz/api/books/373311/cover/400?rsn2to  |c https://core.palmknihy.cz/api/books/373311/cover/50?rsn2to  |e 2027-04-01  |g 520  |i 9788024950044  |j https://core.palmknihy.cz/api/books/373311/preview.epub  |l   |q 49  |r 1  |s https://www.palmknihy.cz/kniha/373311  |t ebook  |y 2023  |z 0  |v Zvěrolékařka  |w 2 
999 |d 311896